=LDR 00000nam 2200000 4500 =001 INLIS000000000059605 =005 20211117123630 =035 ##$$a 0010-1121000342 =007 ta =008 211117###########################0#ind## =020 ##$$a tidak teridentifikasi =082 ##$$a 363.702 =084 ##$$a 363.702 Ind u =245 ##$$a Semua Undang2 dan peraturan2 Pemerintah mengenai perlindungan alam dan pemburuan di IndonesiaIndonesia /$c Indonesia =300 ##$$a 102 halaman : $b Ilustrasi ; $c 20 cm =650 #4$$a Lingkungan hidup - Undang2 dan Peraturan =264 ##$$a Bandung :$b Van Hoeve,$c 1953 =336 ##$$a teks$2 rdacontent =337 ##$$a lain-lain$2 rdamedia =338 ##$$a lain-lain$2 rdacarrier =990 ##$$a 30983098